Statystyki dla 3 największe miasta w województwie podkarpackim zawierające literę

Kliknij tutaj aby rozwiązać quiz!

Ogólne statystyki

  • Ten quiz został rozwiązany 30 razy
  • Średni wynik to 59 z 81

Statystyki odpowiedzi

HintOdpowiedź% Poprawnych
WRzeszów
100%
ERzeszów
100%
ÓRzeszów
100%
RRzeszów
100%
SRzeszów
100%
ZRzeszów
100%
Krosno
92%
KKrosno
92%
Krosno
92%
Krosno
92%
Mielec
92%
LMielec
92%
IMielec
92%
MMielec
92%
CMielec
92%
ŁJarosław
88%
Jarosław
88%
JJarosław
88%
Przemyśl
88%
Przemyśl
88%
ŚPrzemyśl
88%
PPrzemyśl
88%
YPrzemyśl
88%
Przemyśl
88%
Przemyśl
88%
Przemyśl
88%
Dębica
84%
Dębica
84%
DDębica
84%
Dębica
84%
Dębica
84%
ĘDębica
84%
Sanok
84%
Sanok
84%
Tarnobrzeg
84%
Tarnobrzeg
84%
Tarnobrzeg
84%
Tarnobrzeg
84%
GTarnobrzeg
84%
BTarnobrzeg
84%
Tarnobrzeg
84%
NTarnobrzeg
84%
Jasło
80%
Jasło
80%
Stalowa Wola
80%
AStalowa Wola
80%
Stalowa Wola
80%
OStalowa Wola
80%
TStalowa Wola
80%
Stalowa Wola
80%
Ustrzyki Dolne
76%
Leżajsk
68%
ŻLeżajsk
68%
Przeworsk
68%
Nisko
64%
Nisko
64%
ŃŁańcut
60%
Łańcut
60%
UŁańcut
60%
Łańcut
60%
Łańcut
60%
Kolbuszowa
56%
Sędziszów Małopolski
56%
Sędziszów Małopolski
56%
Sędziszów Małopolski
56%
Sędziszów Małopolski
56%
Ropczyce
52%
Ropczyce
52%
Strzyżów
48%
Lubaczów
40%
Lubaczów
40%
Lubaczów
40%
HBoguchwała
36%
Boguchwała
36%
Głogów Małopolski
36%
Kańczuga
32%
Nowa Dęba
24%
Nowa Dęba
24%
Błażowa
16%
Pruchnik
16%
Radomyśl Wielki
12%

Rozkład punktacji

Percentyl według liczby udzielonych odpowiedzi

Procent ludzi z każdym wynikiem

Twoja historia wyników

Nie rozwiązałeś tego quizu